[Event "Oberliga Ost B"]
[Site "?"]
[Date "2023.02.26"]
[Round "9.7"]
[White "Mao, Kevin"]
[Black "Otte, Marijn"]
[Result "0-1"]
[WhiteElo "2052"]
[BlackElo "2143"]
[PlyCount "78"]
[EventDate "2022.09.18"]
[EventType "team-tourn"]
[EventCountry "GER"]
[WhiteTeam "Gernsheim SK"]
[BlackTeam "Heusenstamm SC"]
[WhiteTeamCountry "GER"]
[BlackTeamCountry "GER"]

1. e4 c5 2. Be2 d6 3. d3 g6 4. f4 Bg7 5. Nf3 Nc6 6. O-O e6 7. c3 Nge7 8. Be3 f5 9. Nbd2 O-O 10. a4 b6 11. d4 fxe4 12. Nxe4 Nd5 13. Qd2 Nxe3 14. Qxe3 cxd4 15. Nxd4 Nxd4 16. cxd4 d5 17. Ng5 Qf6 18. Rad1 h6 19. Nh3 Bd7 20. b3 Rac8 21. g3 Qe7 22. Ba6 Rc7 23. Rc1 Rxc1 24. Rxc1 Qb4 25. Nf2 Bxd4 26. Qd3 Kg7 27. Kg2 e5 28. Rc7 Rf7 29. Bb5 Bh3+ 30. Nxh3 Rxc7 31. fxe5 Qc3 32. Qxc3 Rxc3 33. e6 Kf6 34. Nf4 Rc2+ 35. Kf1 g5 36. Nxd5+ Kxe6 37. Bc4 Ke5 38. h4 gxh4 39. gxh4 Bc5 0-1

[Event "Oberliga Ost B"]
[Site "?"]
[Date "2023.02.26"]
[Round "9.8"]
[White "Benninger, Rudolf"]
[Black "Wenner, Frank"]
[Result "1-0"]
[WhiteElo "1982"]
[BlackElo "2089"]
[PlyCount "161"]
[EventDate "2022.09.18"]
[EventType "team-tourn"]
[EventCountry "GER"]
[WhiteTeam "Heusenstamm SC"]
[BlackTeam "Gernsheim SK"]
[WhiteTeamCountry "GER"]
[BlackTeamCountry "GER"]

1. e4 c5 2. c3 Nf6 3. e5 Nd5 4. d4 Nc6 5. Bc4 Nb6 6. Bb3 cxd4 7. cxd4 d5 8. Nc3 Bf5 9. Nf3 e6 10. O-O Be7 11. Be3 Rc8 12. Qd2 Na5 13. Rfc1 O-O 14. Bg5 Nbc4 15. Bxe7 Qxe7 16. Qe2 Qb4 17. Nh4 Bg6 18. Nxg6 hxg6 19. Nd1 Nd2 20. Qd3 Rxc1 21. Rxc1 Ndxb3 22. axb3 Nxb3 23. Qc3 Qb6 24. Rc2 Qxd4 25. Qxd4 Nxd4 26. Rc7 Rb8 27. Kf1 Nc6 28. f4 g5 29. g3 gxf4 30. gxf4 g5 31. fxg5 Kg7 32. Kg2 Kg6 33. h4 Nxe5 34. Kg3 Kf5 35. Ne3+ Ke4 36. Ng4 Nxg4 37. Kxg4 d4 38. Rxf7 Rd8 39. g6 d3 40. Rf1 d2 41. Rd1 Ke5 42. Kg5 Rd3 43. h5 Rg3+ 44. Kh6 Rg2 45. Kh7 Kf6 46. h6 e5 47. g7 e4 48. Rxd2 Rxd2 49. g8=Q e3 50. Qe8 e2 51. Qf8+ Kg5 52. Qf2 Rd7+ 53. Kg8 Re7 54. Qg3+ Kf5 55. Qe1 Kg6 56. Kf8 Re5 57. Qg3+ Kf6 58. h7 e1=Q 59. h8=Q+ Ke6 60. Qhg8+ Kd7 61. Qxe1 Rxe1 62. Qd5+ Kc8 63. Qf5+ Kb8 64. Qf4+ Ka8 65. Qd2 Rf1+ 66. Ke7 a6 67. b4 Rf5 68. Kd7 Rf7+ 69. Ke8 Rf5 70. Kd8 Rh5 71. Kc8 Rh8+ 72. Kc7 Rh7+ 73. Kb6 Rh8 74. b5 Rb8 75. Qh2 Rg8 76. Qd6 Rb8 77. Qe7 a5 78. Qa3 Re8 79. Qxa5+ Kb8 80. Qa7+ Kc8 81. Qa8+ 1-0

[Event "Oberliga Ost B"]
[Site "?"]
[Date "2023.02.26"]
[Round "9.1"]
[White "Haack, Kevin"]
[Black "Konopka, Michal"]
[Result "1-0"]
[WhiteElo "2287"]
[BlackElo "2352"]
[PlyCount "69"]
[EventDate "2022.09.18"]
[EventType "team-tourn"]
[EventCountry "GER"]
[WhiteTeam "Hofheim SV II"]
[BlackTeam "Schoeneck SF"]
[WhiteTeamCountry "GER"]
[BlackTeamCountry "GER"]

1. d4 Nf6 2. c4 g6 3. g3 c6 4. Bg2 d5 5. Nf3 Bg7 6. O-O dxc4 7. a4 O-O 8. Na3 c3 9. bxc3 c5 10. Ne5 Nfd7 11. Nec4 cxd4 12. cxd4 Nc6 13. e3 Nf6 14. Qb3 Qc7 15. Nb5 Qb8 16. Bd2 Be6 17. Qd3 Rd8 18. Rfc1 Bd5 19. Bxd5 Nxd5 20. e4 Nc7 21. Bf4 e5 22. Bg5 Rd7 23. d5 Nxb5 24. axb5 Nd4 25. Be3 Nxb5 26. Nb6 axb6 27. Qxb5 Rxa1 28. Rxa1 Qe8 29. Ra7 Qc8 30. Qa4 Rd8 31. Bxb6 Rf8 32. d6 Qe6 33. Bc7 Bf6 34. Rxb7 Bd8 35. Rb8 1-0

[Event "Oberliga Ost B"]
[Site "?"]
[Date "2023.02.26"]
[Round "9.2"]
[White "Heinatz, Thomas"]
[Black "Kushka, Alena"]
[Result "1/2-1/2"]
[WhiteElo "2266"]
[BlackElo "2132"]
[PlyCount "123"]
[EventDate "2022.09.18"]
[EventType "team-tourn"]
[EventCountry "GER"]
[WhiteTeam "Schoeneck SF"]
[BlackTeam "Hofheim SV II"]
[WhiteTeamCountry "GER"]
[BlackTeamCountry "GER"]

1. e4 c5 2. Nc3 e6 3. Nf3 a6 4. g3 Nc6 5. Bg2 d5 6. exd5 exd5 7. d4 c4 8. O-O Be7 9. Ne5 Nf6 10. Bg5 O-O 11. Re1 Be6 12. Ne2 Qb6 13. Nxc6 Qxc6 14. Nf4 Rae8 15. Nxe6 fxe6 16. c3 Ne4 17. Bxe4 dxe4 18. Bf4 g5 19. Be5 Rf3 20. Qc2 Ref8 21. Re2 e3 22. Rxe3 Rxf2 23. Qxf2 Rxf2 24. Kxf2 g4 25. Bf4 Qb5 26. Re2 e5 27. Bxe5 Bg5 28. Rf1 Qc6 29. Kg1 h5 30. Bf4 Bf6 31. Rfe1 Kf7 32. Re4 h4 33. gxh4 Bxh4 34. R1e2 Qa4 35. a3 Qd1+ 36. Kg2 Qd3 37. R4e3 Qd1 38. Re4 Qd3 39. R4e3 Qd1 40. Bd6 Bg5 41. Rf2+ Kg7 42. Ree2 Qd3 43. Re8 Be3 44. Be5+ Kg6 45. Rg8+ Kh5 46. Rh8+ Kg6 47. Rg8+ Kh5 48. Rh8+ Kg6 49. Rff8 Qe2+ 50. Kg3 Bf2+ 51. Rxf2 Qe3+ 52. Kg2 Qe4+ 53. Kf1 Qb1+ 54. Kg2 Qe4+ 55. Kf1 Qb1+ 56. Ke2 Qd3+ 57. Ke1 Qb1+ 58. Kd2 Qxb2+ 59. Ke3 Qc1+ 60. Ke2 Qc2+ 61. Kf1 Qb1+ 62. Kg2 1/2-1/2

[Event "Oberliga Ost B"]
[Site "?"]
[Date "2023.02.26"]
[Round "9.3"]
[White "Engel, Berthold"]
[Black "Nazarenus, Moritz"]
[Result "0-1"]
[WhiteElo "2119"]
[BlackElo "2266"]
[PlyCount "100"]
[EventDate "2022.09.18"]
[EventType "team-tourn"]
[EventCountry "GER"]
[WhiteTeam "Hofheim SV II"]
[BlackTeam "Schoeneck SF"]
[WhiteTeamCountry "GER"]
[BlackTeamCountry "GER"]

1. Nf3 d5 2. d4 Nf6 3. c3 e6 4. Bf4 Bd6 5. Bxd6 Qxd6 6. e3 O-O 7. Be2 Nbd7 8. Nbd2 e5 9. dxe5 Nxe5 10. Nxe5 Qxe5 11. Nf3 Qe7 12. O-O Bf5 13. Qb3 c6 14. Rad1 Rad8 15. a3 Rfe8 16. h3 h6 17. Bd3 Ne4 18. Qc2 Qf6 19. Qe2 a6 20. Bxe4 Bxe4 21. Nd2 Bc2 22. Rc1 Bf5 23. Qf3 Qg6 24. Rfe1 h5 25. Kh2 Rd6 26. Qg3 Qh6 27. Qf4 Qxf4+ 28. exf4 Rde6 29. Nf3 Rxe1 30. Rxe1 Rxe1 31. Nxe1 Be4 32. f3 Bb1 33. g3 Kf8 34. Kg2 Ke7 35. Kf2 Kd6 36. b4 c5 37. Ke3 d4+ 38. cxd4 cxb4 39. axb4 Kd5 40. g4 b6 41. f5 a5 42. bxa5 bxa5 43. Ng2 a4 44. Nf4+ Kc4 45. Kd2 hxg4 46. fxg4 a3 47. Kc1 Be4 48. d5 Kb3 49. Ne2 a2 50. Nd4+ Kc4 0-1

[Event "Oberliga Ost B"]
[Site "?"]
[Date "2023.02.26"]
[Round "9.4"]
[White "Meyer, Kai Christian"]
[Black "Burkart, Patrick"]
[Result "1/2-1/2"]
[WhiteElo "2199"]
[BlackElo "2325"]
[PlyCount "30"]
[EventDate "2022.09.18"]
[EventType "team-tourn"]
[EventCountry "GER"]
[WhiteTeam "Schoeneck SF"]
[BlackTeam "Hofheim SV II"]
[WhiteTeamCountry "GER"]
[BlackTeamCountry "GER"]

1. c4 Nf6 2. Nf3 b6 3. b3 Bb7 4. Bb2 e6 5. Nc3 d5 6. cxd5 exd5 7. e3 Nbd7 8. Rc1 a6 9. d4 Bd6 10. Bd3 O-O 11. O-O Qe7 12. Nh4 g6 13. g3 Ne4 14. Qe2 f5 15. f4 Rfe8 1/2-1/2

[Event "Oberliga Ost B"]
[Site "?"]
[Date "2023.02.26"]
[Round "9.5"]
[White "Kostiukova, Liubov"]
[Black "Kirchner, Markus"]
[Result "1-0"]
[WhiteElo "2223"]
[BlackElo "2141"]
[PlyCount "69"]
[EventDate "2022.09.18"]
[EventType "team-tourn"]
[EventCountry "GER"]
[WhiteTeam "Hofheim SV II"]
[BlackTeam "Schoeneck SF"]
[WhiteTeamCountry "GER"]
[BlackTeamCountry "GER"]

1. e4 e6 2. d3 d5 3. Nd2 Nf6 4. Ngf3 c5 5. g3 Nc6 6. Bg2 Be7 7. O-O b5 8. Re1 O-O 9. e5 Nd7 10. Nf1 a5 11. h4 Bb7 12. N1h2 Nb6 13. Ng5 d4 14. Qg4 Qd7 15. Nhf3 Rad8 16. Ne4 Kh8 17. Qh5 Nb4 18. Nfg5 h6 19. Nh3 Nxc2 20. Bxh6 g6 21. Qg4 Nxe1 22. Rxe1 Rg8 23. Nhg5 Bxg5 24. Bxg5 f5 25. exf6 Bxe4 26. Rxe4 Qf7 27. Rxe6 Nc8 28. Qe4 c4 29. Qe5 Kh7 30. h5 gxh5 31. Be4+ Rg6 32. Bd2 Kg8 33. Bxa5 Rf8 34. Bd5 Ne7 35. Rxe7 1-0

[Event "Oberliga Ost B"]
[Site "?"]
[Date "2023.02.26"]
[Round "9.6"]
[White "Weiss, Matthias"]
[Black "Waffenschmidt, Joachim"]
[Result "1/2-1/2"]
[WhiteElo "1980"]
[BlackElo "1983"]
[PlyCount "54"]
[EventDate "2022.09.18"]
[EventType "team-tourn"]
[EventCountry "GER"]
[WhiteTeam "Schoeneck SF"]
[BlackTeam "Hofheim SV II"]
[WhiteTeamCountry "GER"]
[BlackTeamCountry "GER"]

1. e4 c5 2. Nf3 d6 3. c3 Nf6 4. Be2 g6 5. O-O Bg7 6. Bb5+ Nc6 7. Re1 O-O 8. d4 Qb6 9. Na3 Bg4 10. Bxc6 Qxc6 11. d5 Qc8 12. h3 Bd7 13. e5 dxe5 14. Nxe5 Re8 15. Bf4 Bf5 16. Qf3 Nd7 17. g4 Nxe5 18. Bxe5 Bd7 19. Bxg7 Kxg7 20. Nc4 f5 21. Ne5 Rf8 22. Nxd7 Qxd7 23. g5 b5 24. Qe3 Qxd5 25. Qxe7+ Rf7 26. Qe5+ Qxe5 27. Rxe5 Rc8 1/2-1/2

[Event "Oberliga Ost B"]
[Site "?"]
[Date "2023.02.26"]
[Round "9.7"]
[White "Segna, Ulrich"]
[Black "Kleschtschow, Juri"]
[Result "0-1"]
[WhiteElo "2093"]
[BlackElo "2104"]
[PlyCount "114"]
[EventDate "2022.09.18"]
[EventType "team-tourn"]
[EventCountry "GER"]
[WhiteTeam "Hofheim SV II"]
[BlackTeam "Schoeneck SF"]
[WhiteTeamCountry "GER"]
[BlackTeamCountry "GER"]

1. d4 Nf6 2. Nf3 d5 3. e3 Bg4 4. c4 e6 5. Nc3 c6 6. Be2 Nbd7 7. O-O Bd6 8. b3 O-O 9. Bb2 Ne4 10. Nxe4 dxe4 11. Ne5 Bxe2 12. Qxe2 f5 13. Nxd7 Qxd7 14. f3 exf3 15. Rxf3 Qe7 16. Raf1 Qh4 17. Rh3 Qg4 18. Qf3 Rae8 19. Rh5 Qxf3 20. gxf3 g6 21. Rh3 e5 22. dxe5 Bxe5 23. Bxe5 Rxe5 24. Kf2 f4 25. exf4 Rxf4 26. Rd1 Rf7 27. Rh4 c5 28. Rd2 Kg7 29. Kg3 Rfe7 30. Re4 Rxe4 31. fxe4 b6 32. Kf4 h6 33. e5 Kf7 34. h4 g5+ 35. hxg5 hxg5+ 36. Kf5 Ke8 37. Rg2 Rf7+ 38. Ke6 Re7+ 39. Kf6 Rf7+ 40. Kg6 Ke7 41. e6 Rf8 42. Re2 g4 43. Kg5 g3 44. Rg2 Kxe6 45. Re2+ Kd6 46. Kg4 g2 47. Rxg2 Rg8+ 48. Kf3 Rxg2 49. Kxg2 Ke5 50. Kf3 Kd4 51. Ke2 Kc3 52. Kd1 Kb2 53. Kd2 Kxa2 54. Kc2 Ka3 55. Kc3 a5 56. Kc2 Ka2 57. Kc3 Kb1 0-1

[Event "Oberliga Ost B"]
[Site "?"]
[Date "2023.02.26"]
[Round "9.1"]
[White "Khenkin, Igor"]
[Black "Sadeghi, Behrang"]
[Result "1-0"]
[WhiteElo "2499"]
[BlackElo "2244"]
[PlyCount "81"]
[EventDate "2022.09.18"]
[EventType "team-tourn"]
[EventCountry "GER"]
[WhiteTeam "Wiesbadener SV"]
[BlackTeam "Homburg Bad SK"]
[WhiteTeamCountry "GER"]
[BlackTeamCountry "GER"]

1. Nf3 d5 2. g3 Nf6 3. Bg2 Bg4 4. c4 Bxf3 5. Bxf3 e6 6. cxd5 exd5 7. Qb3 Nc6 8. Nc3 Na5 9. Qa4+ c6 10. d3 b5 11. Nxb5 Rb8 12. Nc3 Rb4 13. Qc2 Bd6 14. Bd2 Rb8 15. Na4 O-O 16. O-O Rc8 17. Nc5 Qe7 18. Rfc1 Nb7 19. b4 Nxc5 20. bxc5 Be5 21. Rab1 Rb8 22. Qa4 Rxb1 23. Rxb1 Qd7 24. Bf4 Bxf4 25. Qxf4 h6 26. Qd6 Qc8 27. Qe7 Qa6 28. Rb7 Qxa2 29. Rxa7 Qb1+ 30. Kg2 Qb5 31. Rb7 Qa4 32. h4 h5 33. Qe5 Qa5 34. d4 Qd2 35. e3 Ng4 36. Bxg4 hxg4 37. Rc7 Qd1 38. Qf5 g6 39. Qf6 Qc2 40. Rxc6 Qe4+ 41. Kh2 1-0

[Event "Oberliga Ost B"]
[Site "?"]
[Date "2023.02.26"]
[Round "9.2"]
[White "Schmidt, Walter"]
[Black "Geske, Julian"]
[Result "0-1"]
[WhiteElo "2204"]
[BlackElo "2390"]
[PlyCount "58"]
[EventDate "2022.09.18"]
[EventType "team-tourn"]
[EventCountry "GER"]
[WhiteTeam "Homburg Bad SK"]
[BlackTeam "Wiesbadener SV"]
[WhiteTeamCountry "GER"]
[BlackTeamCountry "GER"]

1. e4 d5 2. exd5 Qxd5 3. Nf3 Bg4 4. Be2 Nc6 5. d4 O-O-O 6. c4 Qa5+ 7. Bd2 Qf5 8. Be3 Bxf3 9. Bxf3 Nxd4 10. Bxd4 Qe6+ 11. Be2 Qe4 12. O-O Qxd4 13. Qa4 e6 14. Nc3 Bd6 15. Rfd1 Qe5 16. Bf3 a6 17. g3 Ne7 18. Rac1 Bc5 19. Ne4 Nc6 20. Re1 Rd3 21. Bg2 Rhd8 22. a3 Be7 23. b4 Qd4 24. Bf1 Ne5 25. Bxd3 Nxd3 26. b5 f5 27. bxa6 fxe4 28. a7 Qxf2+ 29. Kh1 Qf3+ 0-1

[Event "Oberliga Ost B"]
[Site "?"]
[Date "2023.02.26"]
[Round "9.3"]
[White "Dubkov, Andrej"]
[Black "Lenz, Jonas"]
[Result "1-0"]
[WhiteElo "2333"]
[BlackElo "2148"]
[PlyCount "147"]
[EventDate "2022.09.18"]
[EventType "team-tourn"]
[EventCountry "GER"]
[WhiteTeam "Wiesbadener SV"]
[BlackTeam "Homburg Bad SK"]
[WhiteTeamCountry "GER"]
[BlackTeamCountry "GER"]

1. Nf3 Nf6 2. c4 g6 3. Nc3 d5 4. cxd5 Nxd5 5. h4 Bg7 6. e4 Nxc3 7. dxc3 Qxd1+ 8. Kxd1 Bg4 9. Kc2 Nd7 10. Nd2 Bh6 11. h5 O-O-O 12. Nc4 Bxc1 13. Rxc1 Be6 14. f3 f5 15. hxg6 hxg6 16. Rxh8 Rxh8 17. exf5 Bxf5+ 18. Kd2 Rh2 19. Re1 Kd8 20. Ke3 g5 21. Kf2 Rh7 22. Na5 Kc8 23. Nc4 Kd8 24. g4 Bg6 25. Rd1 Be8 26. Bd3 Rh6 27. Bf5 e6 28. Be4 Kc8 29. Kg3 Nf6 30. Re1 Rh4 31. Ne5 Rh6 32. c4 Nd7 33. Bc2 Nb8 34. b4 Nc6 35. Nxc6 Bxc6 36. b5 Be8 37. Re5 Rh1 38. Rxg5 Rg1+ 39. Kf2 Ra1 40. Bb3 Kd8 41. Rg7 a6 42. b6 cxb6 43. Rxb7 a5 44. c5 bxc5 45. Bxe6 Rc1 46. Bf5 Bc6 47. Rb2 Rc3 48. Rb3 Rc1 49. g5 Ke7 50. Re3+ Kf8 51. Be4 Bxe4 52. Rxe4 c4 53. Kg3 c3 54. Kf4 c2 55. Rc4 Kg7 56. Kf5 Rf1 57. Rc7+ Kg8 58. Rxc2 Rxf3+ 59. Kg6 Rf8 60. Rc6 Ra8 61. a4 Kh8 62. Kf5 Kg7 63. Rc5 Ra6 64. Ke5 Kg6 65. Kd4 Rb6 66. Rb5 Rc6 67. Rxa5 Rc1 68. Rc5 Rb1 69. Kc4 Rb2 70. Kc3 Rb1 71. Rb5 Ra1 72. Kb4 Rb1+ 73. Ka5 Ra1 74. Rc5 1-0

[Event "Oberliga Ost B"]
[Site "?"]
[Date "2023.02.26"]
[Round "9.4"]
[White "Erdmann, Stefan"]
[Black "Bakiev, Diyor"]
[Result "0-1"]
[WhiteElo "2127"]
[BlackElo "2168"]
[PlyCount "50"]
[EventDate "2022.09.18"]
[EventType "team-tourn"]
[EventCountry "GER"]
[WhiteTeam "Homburg Bad SK"]
[BlackTeam "Wiesbadener SV"]
[WhiteTeamCountry "GER"]
[BlackTeamCountry "GER"]

1. d4 Nf6 2. c4 e6 3. g3 d5 4. Nf3 Bb4+ 5. Bd2 Be7 6. Bg2 c6 7. Qc2 O-O 8. O-O b6 9. Bf4 Nbd7 10. Rd1 Bb7 11. Ne5 Nh5 12. cxd5 cxd5 13. Be3 Nhf6 14. Nc6 Bxc6 15. Qxc6 Rc8 16. Qa4 Qc7 17. Nc3 Qb7 18. Rac1 a6 19. Bg5 h6 20. Bd2 b5 21. Qb3 Nb6 22. a4 b4 23. a5 Nc4 24. Nxd5 exd5 25. Rxc4 dxc4 0-1

[Event "Oberliga Ost B"]
[Site "?"]
[Date "2023.02.26"]
[Round "9.6"]
[White "Dunsbach, Ralf"]
[Black "Minor, Samuel"]
[Result "1/2-1/2"]
[WhiteElo "2128"]
[BlackElo "2171"]
[PlyCount "39"]
[EventDate "2022.09.18"]
[EventType "team-tourn"]
[EventCountry "GER"]
[WhiteTeam "Homburg Bad SK"]
[BlackTeam "Wiesbadener SV"]
[WhiteTeamCountry "GER"]
[BlackTeamCountry "GER"]

1. c4 f5 2. g3 d6 3. Bg2 Nf6 4. Nc3 e5 5. d3 g6 6. e4 Nc6 7. Nge2 Bg7 8. O-O O-O 9. Nd5 Nxd5 10. cxd5 Ne7 11. Be3 c5 12. dxc6 Nxc6 13. Qd2 Be6 14. exf5 Bxf5 15. d4 e4 16. Rac1 Qd7 17. Nf4 Qf7 18. f3 exf3 19. Bxf3 Qd7 20. Bg2 1/2-1/2

[Event "Oberliga Ost B"]
[Site "?"]
[Date "2023.02.26"]
[Round "9.7"]
[White "Tuzi, Bruna"]
[Black "Wolf, Ulrich Martin"]
[Result "0-1"]
[WhiteElo "2025"]
[BlackElo "2183"]
[PlyCount "52"]
[EventDate "2022.09.18"]
[EventType "team-tourn"]
[EventCountry "GER"]
[WhiteTeam "Wiesbadener SV"]
[BlackTeam "Homburg Bad SK"]
[WhiteTeamCountry "GER"]
[BlackTeamCountry "GER"]

1. e4 c5 2. Nf3 Nc6 3. c3 d5 4. exd5 Qxd5 5. d4 Nf6 6. Na3 Bg4 7. Be2 cxd4 8. Nb5 O-O-O 9. Nbxd4 e5 10. Nxc6 Qxc6 11. Qc2 Bc5 12. O-O Rhe8 13. h3 Bxf3 14. Qf5+ Qe6 15. Qxf3 e4 16. Qg3 Bd6 17. Bf4 Bxf4 18. Qxf4 Nd5 19. Qg5 h6 20. Qc1 Qe5 21. Rd1 e3 22. Bf3 e2 23. Re1 Nf4 24. Qc2 Rd3 25. Bxe2 Nxe2+ 26. Kf1 Qh2 0-1

[Event "Oberliga Ost B"]
[Site "?"]
[Date "2023.02.26"]
[Round "9.1"]
[White "Kunin, Vitaly"]
[Black "Baum, Bernd"]
[Result "1/2-1/2"]
[WhiteElo "2510"]
[BlackElo "2279"]
[PlyCount "108"]
[EventDate "2022.09.18"]
[EventType "team-tourn"]
[EventCountry "GER"]
[WhiteTeam "Moerlenbach Birkenau Freibauer"]
[BlackTeam "Marburg SK"]
[WhiteTeamCountry "GER"]
[BlackTeamCountry "GER"]

1. d4 e6 2. c4 d5 3. Nc3 a6 4. cxd5 exd5 5. Nf3 Nf6 6. Bg5 Be6 7. Bxf6 Qxf6 8. Qb3 Ra7 9. a3 Qd8 10. Rd1 c6 11. g3 Nd7 12. h4 Be7 13. Bh3 Bxh3 14. Rxh3 O-O 15. Kf1 Re8 16. Kg2 Nf6 17. h5 h6 18. Qc2 Bd6 19. Rh4 Ra8 20. Nd2 Qd7 21. Nf1 Re6 22. Qf5 Qe7 23. Rd3 Re8 24. Re3 Qc7 25. Qd3 Qb6 26. b4 Qc7 27. Rxe6 Rxe6 28. Ne3 a5 29. Nc2 axb4 30. axb4 Qe7 31. b5 Bb4 32. Nxb4 Qxb4 33. bxc6 Rxc6 34. Nd1 Rc1 35. Ne3 Qe1 36. Kf3 Ne4 37. Nxd5 Ng5+ 38. Ke3 Qa5 39. Re4 Nxe4 40. Qxe4 Qa3+ 41. Kf4 Qd6+ 42. Kf3 Qe6 43. Ne7+ Kf8 44. Ng6+ Ke8 45. Ne5 f6 46. Qg6+ Kf8 47. Kg2 Rc7 48. Nf3 Qxe2 49. Qf5 Rc1 50. g4 Qf1+ 51. Kg3 Rc3 52. Qd5 Qa6 53. Qd8+ Kf7 54. Qd7+ Kf8 1/2-1/2

[Event "Oberliga Ost B"]
[Site "?"]
[Date "2023.02.26"]
[Round "9.2"]
[White "Dorst, Johannes"]
[Black "Galdunts, Sergey"]
[Result "1/2-1/2"]
[WhiteElo "2218"]
[BlackElo "2411"]
[PlyCount "88"]
[EventDate "2022.09.18"]
[EventType "team-tourn"]
[EventCountry "GER"]
[WhiteTeam "Marburg SK"]
[BlackTeam "Moerlenbach Birkenau Freibauer"]
[WhiteTeamCountry "GER"]
[BlackTeamCountry "GER"]

1. e4 g6 2. d4 Bg7 3. Nc3 d6 4. f4 Nc6 5. Be3 Nf6 6. h3 O-O 7. Nf3 Nb4 8. a3 Na6 9. e5 Nd7 10. Bc4 Nb6 11. Ba2 c6 12. O-O Nc7 13. Ne4 Nbd5 14. Bd2 f5 15. exf6 exf6 16. c4 f5 17. cxd5 fxe4 18. dxc6+ Kh8 19. cxb7 Bxb7 20. Ng5 Qd7 21. Rc1 Rae8 22. Be3 Nd5 23. Bxd5 Bxd5 24. h4 h6 25. Nh3 a5 26. Qd2 a4 27. f5 Rxf5 28. Bxh6 Rxf1+ 29. Rxf1 Qg4 30. Bxg7+ Kxg7 31. Qf4 Qxf4 32. Nxf4 Bc4 33. Rc1 d5 34. Kf2 Kf6 35. Rc2 Kf5 36. Ke3 Rb8 37. g4+ Kf6 38. Ne2 Bxe2 39. Kxe2 Rb3 40. Rc6+ Kf7 41. Rc7+ Ke6 42. Rc6+ Kf7 43. Rc7+ Ke6 44. Rc6+ Kf7 1/2-1/2

[Event "Oberliga Ost B"]
[Site "?"]
[Date "2023.02.26"]
[Round "9.3"]
[White "Legde, Georg"]
[Black "Alber, Horst"]
[Result "1/2-1/2"]
[WhiteElo "2363"]
[BlackElo "2241"]
[PlyCount "32"]
[EventDate "2022.09.18"]
[EventType "team-tourn"]
[EventCountry "GER"]
[WhiteTeam "Moerlenbach Birkenau Freibauer"]
[BlackTeam "Marburg SK"]
[WhiteTeamCountry "GER"]
[BlackTeamCountry "GER"]

1. d4 g6 2. c4 Bg7 3. Nc3 d6 4. Nf3 Bg4 5. e3 Nc6 6. Be2 e5 7. Nxe5 dxe5 8. Bxg4 exd4 9. exd4 Nxd4 10. O-O Ne7 11. Bg5 h6 12. Bxe7 Kxe7 13. Nb5 Re8 14. Qa4 Kf8 15. Rad1 c5 16. Nxd4 Bxd4 1/2-1/2

[Event "Oberliga Ost B"]
[Site "?"]
[Date "2023.02.26"]
[Round "9.4"]
[White "Henrich, Thomas"]
[Black "Boehmer, Christian"]
[Result "0-1"]
[WhiteElo "2129"]
[BlackElo "2149"]
[PlyCount "72"]
[EventDate "2022.09.18"]
[EventType "team-tourn"]
[EventCountry "GER"]
[WhiteTeam "Marburg SK"]
[BlackTeam "Moerlenbach Birkenau Freibauer"]
[WhiteTeamCountry "GER"]
[BlackTeamCountry "GER"]

1. d4 d5 2. c4 e6 3. Nc3 c6 4. cxd5 exd5 5. Bf4 Bd6 6. Bxd6 Qxd6 7. e3 Bf5 8. Nf3 Nd7 9. Nh4 Ne7 10. Nxf5 Nxf5 11. Bd3 Ne7 12. O-O f5 13. Qc2 O-O 14. Ne2 Rf6 15. Ng3 Raf8 16. Rae1 g6 17. Qb3 R6f7 18. Qxb7 f4 19. exf4 Rxf4 20. Qxa7 Nc8 21. Qa4 Qf6 22. Qc2 Rxd4 23. Ne2 Rb4 24. b3 Ne5 25. h3 Nd6 26. f4 Nxd3 27. Qxd3 Re4 28. Qc3 d4 29. Qxc6 Rfe8 30. Qd5+ Kg7 31. Qa5 Rxe2 32. Rxe2 Rxe2 33. Qa6 Qe7 34. Rf3 Nf5 35. Qa4 Nh4 36. Rg3 Qe4 0-1

[Event "Oberliga Ost B"]
[Site "?"]
[Date "2023.02.26"]
[Round "9.6"]
[White "Duncker, Joachim"]
[Black "Klings, Peter"]
[Result "1/2-1/2"]
[WhiteElo "2200"]
[BlackElo "2050"]
[PlyCount "49"]
[EventDate "2022.09.18"]
[EventType "team-tourn"]
[EventCountry "GER"]
[WhiteTeam "Marburg SK"]
[BlackTeam "Moerlenbach Birkenau Freibauer"]
[WhiteTeamCountry "GER"]
[BlackTeamCountry "GER"]

1. e4 c6 2. d3 d5 3. Nd2 g6 4. Ngf3 Bg7 5. h3 e5 6. Be2 Ne7 7. O-O O-O 8. Re1 Qc7 9. b3 d4 10. Bb2 c5 11. c3 dxc3 12. Bxc3 Nbc6 13. Rc1 Qb8 14. Rc2 b6 15. Qa1 a5 16. Nc4 f6 17. a4 Be6 18. Nfd2 Nb4 19. Bxb4 axb4 20. Ra2 Bh6 21. Qb2 Nc6 22. Rea1 Na5 23. Qc2 Bxd2 24. Nxd2 Rd8 25. Rf1 1/2-1/2

[Event "Oberliga Ost B"]
[Site "?"]
[Date "2023.02.26"]
[Round "9.7"]
[White "Aranifar, Babak"]
[Black "Neidhardt, Helge"]
[Result "1-0"]
[WhiteElo "1942"]
[BlackElo "1981"]
[PlyCount "75"]
[EventDate "2022.09.18"]
[EventType "team-tourn"]
[EventCountry "GER"]
[WhiteTeam "Moerlenbach Birkenau Freibauer"]
[BlackTeam "Marburg SK"]
[WhiteTeamCountry "GER"]
[BlackTeamCountry "GER"]

1. e4 e5 2. Nf3 Nc6 3. Bb5 Nf6 4. d3 Bc5 5. c3 O-O 6. O-O d6 7. b4 Bb6 8. Nbd2 Ne7 9. Nc4 Ng6 10. h3 h6 11. Nxb6 axb6 12. Bc4 Re8 13. Re1 Be6 14. Bxe6 Rxe6 15. Nh2 d5 16. Ng4 dxe4 17. dxe4 Rd6 18. Qe2 Qd7 19. Nxf6+ Rxf6 20. Rd1 Qe6 21. Be3 Nf4 22. Bxf4 Rxf4 23. Rd3 Qc6 24. f3 Rf6 25. Rad1 Kh7 26. Qc2 Qc4 27. Qb3 Qa6 28. R1d2 b5 29. Rd7 Kg6 30. Qd5 Qb6+ 31. Kh2 Re8 32. c4 bxc4 33. Qxc4 c6 34. h4 Qe3 35. R2d6 Qf4+ 36. g3 Qxf3 37. Qxf7+ Kh7 38. Qxg7# 1-0